As viagens de Gulliver (Record no. 21557)

MARC details
000 -LÍDER
campo de controle de tamanho fixo 00385 a2200169 4500
001 - NÚMERO DE CONTROLE
campo de controle 21557
020 ## - ISBN - INTERNATIONAL STANDARD BOOK NUMBER
ISBN - International Standard Book Number 9788526242098
040 ## - FONTE DA CATALOGAÇÃO
Instituição que transcreveu o registro Anchieta - São Paulo/Itaigara
100 ## - ENTRADA PRINCIPAL--NOME PESSOAL
Nome pessoal Lopes, Cláudia
240 10 - TÍTULO UNIFORME
Título uniforme As viagens de Gulliver
Idioma da obra por
245 10 - TÍTULO
Título As viagens de Gulliver
300 ## - DESCRIÇÃO FÍSICA
Extensão 136
362 0# - DATAS DE PUBLICAÇÃO E/OU DESIGNAÇÃO SEQUENCIAL
Datas de publicação e/ou designação sequencial 2008
440 #1 - DECLARAÇÃO DE SÉRIE/ENTRADA ADICIONADA--TÍTULO
Título Scipione
650 #4 - ASSUNTO--TERMO TÓPICO
Cabeçalho tópico ou nome geográfico Literatura juvenil
942 ## - ELEMENTOS DE ENTRADA ADICIONADOS (KOHA)
Tipo de material Koha Livros
Holdings
Situação do descarte Situação das perdas Situação física Não pode ser emprestado Biblioteca de origem Biblioteca atual Data de aquisição Total de empréstimos Código de barras Data de último acesso Data do preço efetivo Tipo de material Koha Número de chamada completo
        Colégio Anchieta - Pituba Colégio Anchieta - Pituba 21/11/2023   7447/PIT 21/11/2023 21/11/2023 Livros  
        Colégio Anchieta - Pituba Colégio Anchieta - Pituba 21/11/2023   7448/PIT 21/11/2023 21/11/2023 Livros  
        Colégio Anchieta - Pituba Colégio Anchieta - Pituba 21/11/2023   7449/PIT 21/11/2023 21/11/2023 Livros  
        Colégio Anchieta - Pituba Colégio Anchieta - Pituba 21/11/2023   18252/PIT 21/11/2023 21/11/2023 Livros 823 S977v SWI VIA
        Colégio Anchieta - Pituba Colégio Anchieta - Pituba 21/11/2023   23723/PIT 21/11/2023 21/11/2023 Livros LJ 028.5 L864v LOP VIA
        Colégio São Paulo Colégio São Paulo 22/11/2023   948/CSP 22/11/2023 22/11/2023 Livros LJ 028.5 L864v